Diagnostic Histopathology of Tumors (Record no. 4498)

MARC details
000 -LEADER
fixed length control field 00906pam a2200265 a 4500
001 - CONTROL NUMBER
control field 2541998
003 - CONTROL NUMBER IDENTIFIER
control field OSt
005 - DATE AND TIME OF LATEST TRANSACTION
control field 20220916154320.0
008 - FIXED-LENGTH DATA ELEMENTS--GENERAL INFORMATION
fixed length control field 940915s1995 stka b 001 0 eng c
010 ## - LIBRARY OF CONGRESS CONTROL NUMBER
LC control number 94024321
020 ## - INTERNATIONAL STANDARD BOOK NUMBER
International Standard Book Number 9780443074349
040 ## - CATALOGING SOURCE
Original cataloging agency DNLM/DLC
Transcribing agency DLC
Modifying agency DLC
082 00 - DEWEY DECIMAL CLASSIFICATION NUMBER
Classification number QZ 4
Item number D543c 2007
100 ## - MAIN ENTRY--PERSONAL NAME
Personal name Edited by Christopher D.M. Fletcher.
9 (RLIN) 16340
245 00 - TITLE STATEMENT
Title Diagnostic Histopathology of Tumors
250 ## - EDITION STATEMENT
Edition statement 3rd.ed
260 ## - PUBLICATION, DISTRIBUTION, ETC. (IMPRINT)
Place of publication, distribution, etc. Edinburgh ;
Name of publisher, distributor, etc. Churchill Livingstone,
Date of publication, distribution, etc. 2007.
300 ## - PHYSICAL DESCRIPTION
Extent 2 v. (xi, 1358, 35 p.) :
Other physical details col.ill ;
Dimensions 29 cm.
504 ## - BIBLIOGRAPHY, ETC. NOTE
Bibliography, etc Includes bibliographical references and index.
650 #0 - SUBJECT ADDED ENTRY--TOPICAL TERM
Topical term or geographic name as entry element Histopathology.
9 (RLIN) 9660
650 #0 - SUBJECT ADDED ENTRY--TOPICAL TERM
Topical term or geographic name as entry element Tumors
9 (RLIN) 16341
906 ## - LOCAL DATA ELEMENT F, LDF (RLIN)
a 7
b cbc
c orignew
d 1
e ocip
f 19
g y-gencatlg
942 ## - ADDED ENTRY ELEMENTS (KOHA)
Source of classification or shelving scheme Other/Generic Classification Scheme
Koha item type Open Shelf
Holdings
Withdrawn status Lost status Source of classification or shelving scheme Damaged status Not for loan Home library Current library Date acquired Source of acquisition Inventory number Total Checkouts Full call number Barcode Date last seen Koha item type
    Other/Generic Classification Scheme     MUST Main Library MUST Main Library 27/06/2016 Purchase 08/30431   QZ4 D543c 2007 2016-2761 27/06/2016 Open Shelf
    Other/Generic Classification Scheme     MUST Main Library MUST Main Library 01/07/2016 Purchase 08/30434   QZ4 D543c 2007 2016-2932 01/07/2016 Open Shelf